XML by example (Record no. 6408)
[ view plain ]
| 000 -LEADER | |
|---|---|
| fixed length control field | 00437 a2200157 4500 |
| 020 ## - INTERNATIONAL STANDARD BOOK NUMBER | |
| International Standard Book Number | 8120316649 |
| 082 ## - DEWEY DECIMAL CLASSIFICATION NUMBER | |
| Classification number | 005.72 |
| 090 ## - LOCALLY ASSIGNED LC-TYPE CALL NUMBER (OCLC); LOCAL CALL NUMBER (RLIN) | |
| -- | 2483 |
| -- | 2483 |
| 100 ## - MAIN ENTRY--PERSONAL NAME | |
| Personal name | Marchal, Benoit. |
| 245 ## - TITLE STATEMENT | |
| Title | XML by example |
| Statement of responsibility, etc. | Benoit Marchal |
| 260 ## - PUBLICATION, DISTRIBUTION, ETC. | |
| Place of publication, distribution, etc. | New Delhi: |
| Name of publisher, distributor, etc. | Prentice-Hall of India Pvt.Ltd., |
| Date of publication, distribution, etc. | 2000. |
| 300 ## - PHYSICAL DESCRIPTION | |
| Extent | xv, 495 p. |
| Other physical details | : ill. ; |
| Dimensions | 24 cm. |
| 500 ## - GENERAL NOTE | |
| General note | Includes Index |
| 650 ## - SUBJECT ADDED ENTRY--TOPICAL TERM | |
| Topical term or geographic name entry element | XML (Document markup language) |
| 942 ## - ADDED ENTRY ELEMENTS (KOHA) | |
| Koha item type | Book |
| Call number prefix | 005.72 MAR |
| Withdrawn status | Lost status | Damaged status | Not for loan | Collection code | Permanent Location | Current Location | Shelving location | Date acquired | Source of acquisition | Cost, normal purchase price | Total Checkouts | Full call number | Barcode | Date last seen | Price effective from | Koha item type |
|---|---|---|---|---|---|---|---|---|---|---|---|---|---|---|---|---|
| Central Library (CL) | Central Library (CL) | First Floor - Operating System/ Data Structure | 05/06/2014 | Link, Rawalpindi | 100.00 | 005.72 MAR | SEECS000261 | 11/14/2012 | 01/05/2017 | Book | ||||||
| Central Library (CL) | Central Library (CL) | First Floor - Operating System/ Data Structure | 05/06/2014 | Link, Rawalpindi | 100.00 | 005.72 MAR | SEECS000259 | 11/14/2012 | 01/05/2017 | Book | ||||||
| Central Library (CL) | Central Library (CL) | First Floor - Operating System/ Data Structure | 05/06/2014 | Link, Rawalpindi | 100.00 | 005.72 MAR | SEECS000260 | 11/14/2012 | 01/05/2017 | Book | ||||||
| Central Library (CL) | Central Library (CL) | First Floor - Operating System/ Data Structure | 05/06/2014 | Link, Rawalpindi | 100.00 | 005.72 MAR | SEECS000262 | 11/14/2012 | 01/05/2017 | Book | ||||||
| Central Library (CL) | Central Library (CL) | First Floor - Operating System/ Data Structure | 05/06/2014 | Link, Rawalpindi | 100.00 | 005.72 MAR | SEECS000263 | 11/14/2012 | 01/05/2017 | Book |
